Library Logo

Pioneer International University Library Catalogue

READINGS IN WESTERN CIVILIZATION (Record no. 9800)

MARC details
000 -LEADER
fixed length control field 00369nam a22001337a 4500
003 - CONTROL NUMBER IDENTIFIER
control field OSt
005 - DATE AND TIME OF LATEST TRANSACTION
control field 20251113131853.0
008 - FIXED-LENGTH DATA ELEMENTS--GENERAL INFORMATION
fixed length control field 251113b |||||||| |||| 00| 0 eng d
040 ## - CATALOGING SOURCE
Transcribing agency J.B LIPPINCOTT COMPANY
050 ## - LIBRARY OF CONGRESS CALL NUMBER
Classification number CB 245 .K66 1954
245 ## - TITLE STATEMENT
Title READINGS IN WESTERN CIVILIZATION
Statement of responsibility, etc. KNOLES, GEORGE H.
260 ## - PUBLICATION, DISTRIBUTION, ETC.
Place of publication, distribution, etc. CHICAGO
Name of publisher, distributor, etc. LIPPINCOTT COMPANY
Date of publication, distribution, etc. 1954
942 ## - ADDED ENTRY ELEMENTS (KOHA)
Source of classification or shelving scheme Dewey Decimal Classification
Koha item type Books
Suppress in OPAC No
Holdings
Withdrawn status Lost status Source of classification or shelving scheme Damaged status Not for loan Home library Current library Date acquired Total checkouts Barcode Date last seen Price effective from Koha item type
    Library of Congress Classification     PIU Library PIU Library 11/13/2025   PIUDL771 11/13/2025 11/13/2025 Books